<?xml version="1.0" encoding="UTF-8"?>
<record
    xmlns:xsi="http://www.w3.org/2001/XMLSchema-instance"
    xsi:schemaLocation="http://www.loc.gov/MARC21/slim http://www.loc.gov/standards/marcxml/schema/MARC21slim.xsd"
    xmlns="http://www.loc.gov/MARC21/slim">

  <leader>01459cam a22002413a 4500</leader>
  <controlfield tag="001">3378</controlfield>
  <controlfield tag="003">PGUSA</controlfield>
  <controlfield tag="005">20140828083031.0</controlfield>
  <controlfield tag="008">041022s2004||||xxu|||||s|||||000 1 eng d</controlfield>
  <datafield tag="040" ind1=" " ind2=" ">
    <subfield code="a">PGUSA</subfield>
    <subfield code="b">eng</subfield>
  </datafield>
  <datafield tag="042" ind1=" " ind2=" ">
    <subfield code="a">dc</subfield>
  </datafield>
  <datafield tag="050" ind1=" " ind2="4">
    <subfield code="a">PN</subfield>
  </datafield>
  <datafield tag="100" ind1="1" ind2=" ">
    <subfield code="a">Howells, William Dean,</subfield>
    <subfield code="d">1837-1920</subfield>
  </datafield>
  <datafield tag="245" ind1="1" ind2="0">
    <subfield code="a">My Literary Passions</subfield>
    <subfield code="h">[electronic resource] /</subfield>
    <subfield code="c">William Dean Howells</subfield>
  </datafield>
  <datafield tag="260" ind1=" " ind2=" ">
    <subfield code="b">Project Gutenberg,</subfield>
    <subfield code="c">2004</subfield>
  </datafield>
  <datafield tag="505" ind1="0" ind2=" ">
    <subfield code="a">The Bookcase at Home -- Goldsmith -- Cervantes -- Irving -- First Fiction and Drama -- Longfellow's "Spanish Student" -- Scott -- Lighter Fancies -- Pope -- Various Preferences -- Uncle Tom's Cabin -- Ossian -- Shakespeare -- Ik Marvel -- Dickens -- Wordsworth, Lowell, Chaucer -- Macaulay -- Critics and Reviews -- A Non-literary Episode -- Thackeray -- "Lazarillo De Tormes" -- Curtis, Longfellow, Schlegel -- Tennyson -- Heine -- De Quincey, Goethe, Longfellow -- George Eliot, Hawthorne, Goethe, Heine -- Charles Reade -- Dante -- Goldoni, Manzoni, D'azeglio -- "Pastor Fido," "Aminta," "Romola," "Yeast," "Paul Ferroll" -- Erckmann-chatrian, Bjorstjerne Bjornson -- Tourguenief, Auerbach -- Certain Preferences and Experiences -- Valdes, Galdos, Verga, Zola, Trollope, Hardy -- Tolstoy</subfield>
  </datafield>
  <datafield tag="506" ind1=" " ind2=" ">
    <subfield code="a">Public domain in the USA.</subfield>
  </datafield>
  <datafield tag="516" ind1=" " ind2=" ">
    <subfield code="a">Electronic text</subfield>
  </datafield>
  <datafield tag="653" ind1=" " ind2=" ">
    <subfield code="a">Literature -- History and criticism</subfield>
  </datafield>
  <datafield tag="830" ind1=" " ind2="0">
    <subfield code="a">Project Gutenberg</subfield>
    <subfield code="v">3378</subfield>
  </datafield>
  <datafield tag="856" ind1="4" ind2="0">
    <subfield code="u">http://www.gutenberg.org/ebooks/3378</subfield>
  </datafield>
  <datafield tag="942" ind1=" " ind2=" ">
    <subfield code="c">EB</subfield>
  </datafield>
  <datafield tag="999" ind1=" " ind2=" ">
    <subfield code="c">232707</subfield>
    <subfield code="d">232707</subfield>
  </datafield>
  <datafield tag="952" ind1=" " ind2=" ">
    <subfield code="0">0</subfield>
    <subfield code="1">0</subfield>
    <subfield code="4">0</subfield>
    <subfield code="a">GTB</subfield>
    <subfield code="b">GTB</subfield>
    <subfield code="d">2014-08-28</subfield>
    <subfield code="l">0</subfield>
    <subfield code="r">2014-08-28 00:00:00</subfield>
    <subfield code="w">2014-08-28</subfield>
    <subfield code="y">EB</subfield>
  </datafield>
</record>
